Países y territorios en la canción de los países (Yakko Warner) - Estadísticas

Estadísticas generales
  • Esta prueba ha sido intentada 6 veces
  • La puntuación promedio es 45 de 159
Estadísticas de respuestas
País/Territorio % Correcto
Canadá
100%
Estados Unidos
100%
México
100%
* Groenlandia
80%
Panamá
80%
República Dominicana
80%
Australia
60%
* Caribe
60%
Cuba
60%
El Salvador
60%
España
60%
Francia
60%
Haití
60%
Indonesia
60%
Irlanda
60%
Islandia
60%
Jamaica
60%
Laos
60%
Malta
60%
Perú
60%
Portugal
60%
Alemania reunificada
40%
Austria
40%
Bahamas
40%
Birmania
40%
Brasil
40%
Burundi
40%
* Checoslovaquia
40%
Congo
40%
Corea
40%
Costa Rica
40%
* Escocia
40%
Fiyi
40%
Gabón
40%
Grecia
40%
Guatemala
40%
* Guayana Francesa
40%
Guyana
40%
Inglaterra
40%
Israel
40%
Italia
40%
Japón
40%
Kampuchea
40%
Lesoto
40%
Líbano
40%
Libia
40%
Liechtenstein
40%
Marruecos
40%
Mauritania
40%
Mónaco
40%
Níger
40%
Nigeria
40%
* Nueva Guinea
40%
Nueva Zelanda
40%
* Palestina
40%
* Puerto Rico
40%
Rusia
40%
Suiza
40%
Tailandia
40%
Taiwán
40%
* Tobago
40%
Túnez
40%
Vietnam
40%
* Yugoslavia
40%
Afganistán
20%
Angola
20%
* Argel
20%
Argelia
20%
Argentina
20%
Barbados
20%
Baréin
20%
Bélgica
20%
Belice
20%
Bolivia
20%
Botsuana
20%
Bulgaria
20%
Camerún
20%
Catar
20%
Chile
20%
China
20%
Chipre
20%
Colombia
20%
* Creta
20%
Ecuador
20%
Egipto
20%
El Ducado
20%
Filipinas
20%
Finlandia
20%
Ghana
20%
* Guam
20%
Guinea
20%
Guinea-Bissau
20%
Holanda
20%
Honduras
20%
* Hong Kong
20%
Hungría
20%
India
20%
Irak
20%
Irán
20%
Jordán
20%
Kenia
20%
Kuwait
20%
Madagascar
20%
Malasia
20%
Malaui
20%
Mali
20%
* Mallorca
20%
Mongolia
20%
Mozambique
20%
Namibia
20%
Nicaragua
20%
Noruega
20%
Omán
20%
Paraguay
20%
Polonia
20%
Ruanda
20%
Rumanía
20%
* Sáhara Español
20%
Siria
20%
Suazilandia
20%
Sudán
20%
Suecia
20%
* Sumatra
20%
Surinam
20%
Tanzania
20%
* Transilvania
20%
Turquía
20%
Uganda
20%
Uruguay
20%
Venezuela
20%
Yemen
20%
* Abu Dabi
0%
Albania
0%
Arabia Saudita
0%
* Asia
0%
Bangladesh
0%
Benín
0%
* Bermudas
0%
* Borneo
0%
Bután
0%
* Caimán
0%
Chad
0%
Dahomey
0%
Etiopía
0%
Gambia
0%
Liberia
0%
Nepal
0%
Pakistán
0%
* San Juan
0%
Senegal
0%
Sierra Leona
0%
Somalia
0%
Sri Lanka
0%
* Tíbet
0%
Togo
0%
Yibuti
0%
Zaire
0%
Zambia
0%
Zimbabue
0%
No se encontraron pruebas coincidentes
Distribución de puntuación
Porcentaje de gente con cada puntuación
Porcentaje por número respondido
Historial de tus puntuaciones
No has intentado esta prueba.